000 00953nas a2200313 4500
001 BR2011001921
003 BR-BrBNA
005 20231205114921.0
007 ta
008 230509b bl.|||p| |||| 00| 00por d
040 _aBR-BrBNA
_bpor
_cBiblioteca Nacional de Agricultura
041 _a(Pt)
072 _aF30
100 1 _aVieira, E.A.
100 1 _aFialho, J. de F.
100 1 _aFaleiro, F.G.
100 1 _aBellon, G.
100 1 _aFonseca, K.G. da
100 1 _aCarvalho, L.J.C.B.
100 1 _aSilva, M.S.
245 1 _aCaracterização molecular e variabilidade genética de acessos elite de mandioca para fins industriais
650 _aMANDIOCA
650 _aMELHORAMENTO GENÉTICO VEGETAL
650 _aFÉCULA
650 _aMARCADOR MOLECULAR
773 0 _tCiência Rural (Brazil)
_xISSN 0103-8478
_g(Dec 2010), v. 40(12) p. 2467-2471
_wBR2011001921
909 _a202311
_bLúcia
_c55
_dLúcia Elande
942 _2AGRIS
_n0
_cANA
999 _c211203
_d211203